French revolution - Statistics

General Stats
  • This quiz has been taken 99 times
  • The average score is 10 of 84
Answer Stats
Hint Answer % Correct
the queen during the French rev war Marie Antoinette
86%
The first estate Clergy
57%
They stormed this fortress Bastille
43%
These types of riots raged over this food bread
40%
Napoleon returned _ year later to power 1
38%
the second estate nobles
34%
____ lose special privilege's nobles
34%
the third estate was __% of the population 98
33%
The king during the French rev war King Louis XVI
29%
Louis summons the ____ _____ estates general
26%
on this date 10/5/1789
24%
Brings back a king, ( the desired) king Louis XVI brother Louis XVIII
24%
all male citizens are ____ equal
22%
the leader of this (dictator) Robespierre
22%
The third estate is now named national assembly
21%
One reason for the French revolution Social inequality
21%
the final reason (spending more than you have) deficit spending
19%
Napoleon was from Corsica
17%
louis killed by this machine guillotine
17%
March to ___: 17 miles let by women Versailles
17%
King Louis XVI and his family attempt to flee France where they are caught and tried for treason
16%
the first time in ___ years 175
14%
_____ of religion (catholic or protestant) freedom
14%
on this date also their independence day july 14 1789
14%
Kings around Europe are scared of ______ and threaten France for the release of louis revolution
14%
it was a symbol of ___ tyranny
14%
the constitution was made by the national assembly in 1791
12%
this war wont end until 1815
12%
power goes to the ___ ____ not peasants middle class
12%
With war going bad, mobs attack the royal palace and prisons attacking nobles. Killed _,___ 1,200
10%
Legislative branch declares war in this year 1792
10%
France annexed chunks of italy
10%
cuts ____ in half Prussia
10%
arrest and kill anyone who speaks out in France was called reign of terror
10%
Napoleons final battle is the battle of _____ Waterloo
10%
opened jobs to __ all
9%
This was the ____ moment inciting
9%
During this, titles were eliminated and replaced with citizens, including the king(citizen capet) seized more nobles land,suffrage for all men, radicals take over again national convention
9%
France annexed Netherlands
9%
____ ____ replaces the royal govt of Paris Parris Commune
9%
French people sat in these for their sit ins tennis courts
9%
locked king louis in _____ in Paris for 3 years Tuileries
9%
after his lost in egypt he _____ the press censored
7%
another reason for the French revolution enlightened thinkers
7%
on this month and year January 1793
7%
This purchase occurred under Napoleon Louisiana
7%
Marie had this affair necklace
7%
declaration of rights of woman and female citizen Olympe de Gouges
7%
in 1804 he made the ___ crown him and then took it out of his hands and did it himself,showed he answered to no one pope
7%
____ take over the moderate radicals
7%
_____ vote representatives taxpayers
7%
the tsar of russia alexander
5%
Russia, Great Britain, Austria, and Prussia formed an ____ against France. alliance
5%
France annexed Belgium
5%
France annexed chunks of germany
5%
Pride in one’s country, Napoleon creates sense of it. Napoleon’s armies also sparked ideas of reform and revolution in other countries. nationalism
5%
women rush to ____ wounded nurse
5%
Austria, England Russia and Prussia threaten to declare war if louis was not safe was this declaration Pillnitz
5%
___ elected by the people priests
5%
napoleon takes 600,000 men into russia, leaves with __,____ . Public defeat 20,000
3%
in 1799 he overthrows the directory, a coup d'etat
3%
he invited the ____ back and gave poor land, built roads emigres
3%
declaration of rights of man and citizen was written by Jean Jacques Rousseau
3%
______ were to be elected lawmakers
3%
national conscription levee en masse
3%
Laws that embody the Enlightenment, Encourages Equality, nothing for woman, still used today Napoleonic Code
3%
lost to the brits at Battle of ____ Trafalgar
3%
lasted until _-_-____ when he was executed 7-27-1794
2%
the third estates (their middle class) bourgeioisie
2%
a police force committed of general security
2%
european leader meet to keep the peace and punish France (protect monarchy) Congress of Vienna
2%
again into exile (st. helena). He never returned to France .Louis 18 returns as a constitutional monarchy
2%
decided to block the ports of england, attack them economically, this method is known as Continental System
2%
Napoleon abdicates- exiled to ___ elba t
2%
nationalism leads to other country's revolting against ____ rule frances
2%
abolishes the ____ ____ ___ holy roman empire
2%
feared King would return France to the ___, so transition went poorly old regime
2%
Austria, Prussia, Russia & Britain form the ______ alliance Quadruple
2%
leaves NB men nothing to eat,…Russian winter NB retreats scorched-earth
2%
this painting by Goya depicts spain weakening napoleons control third of may
2%
when was this June 18 1815
0%
National Anthem La Marseillaise
0%
map of europe is redrawn and promoted the principle of _____ legitimacy
0%
Always supported by PLEBISCITE
0%
No matching quizzes found
Score Distribution
Percent of People with Each Score
Percentile by Number Answered
Your Score History
You have not taken this quiz